Central Library OPAC University of Rajshahi

The European nations in the West Indies, 1493-1688 / (Record no. 27570)

MARC details
000 -LEADER
fixed length control field 00775cam a2200265u 4500
001 - CONTROL NUMBER
control field 27570
003 - CONTROL NUMBER IDENTIFIER
rucl marc code BD-RjUL
005 - DATE AND TIME OF LATEST TRANSACTION
control field 20211209051155.0
008 - FIXED-LENGTH DATA ELEMENTS--GENERAL INFORMATION
fixed length control field 140325t1933 enkb a 001 0 eng d
035 ## - SYSTEM CONTROL NUMBER
System control number (BD-RjUL)27644
040 ## - CATALOGING SOURCE
Original cataloging agency DLC
Transcribing agency CarP
Modifying agency BD-RjUL
-- DLC
Language of cataloging eng
041 ## - LANGUAGE CODE
Language code of text/sound track or separate title eng
082 04 - DEWEY DECIMAL CLASSIFICATION NUMBER
Classification number 972.9
Author mark and year NEE 1933
100 1# - MAIN ENTRY--PERSONAL NAME
Personal name Newton, Arthur Percival,
Dates associated with a name 1873-1942.
9 (RLIN) 84680
245 14 - TITLE STATEMENT
Title The European nations in the West Indies, 1493-1688 /
260 ## - PUBLICATION, DISTRIBUTION, ETC. (IMPRINT)
Place of publication, distribution, etc. London :
Name of publisher, distributor, etc. A. & C. Black,
Date of publication, distribution, etc. 1933.
300 ## - PHYSICAL DESCRIPTION
Pagination xviii, 356 p. :
Illustrations ill. ;
Size 23 cm.
504 ## - BIBLIOGRAPHY, ETC. NOTE
Bibliography, etc includes index.
650 #0 - SUBJECT ADDED ENTRY--TOPICAL TERM
Topical term or geographic name as entry element Buccaneers.
9 (RLIN) 15052
651 #0 - SUBJECT ADDED ENTRY--GEOGRAPHIC NAME
Geographic name West Indies
General subdivision History. [from old catalog]
9 (RLIN) 84681
942 ## - ADDED ENTRY ELEMENTS (KOHA)
Source of classification or shelving scheme Dewey Decimal Classification
Koha item type Books
Holdings
Lost status Source of classification or shelving scheme Damaged status Not for loan Collection code Permanent Location Current Location Shelving location Date acquired Source of acquisition Cost, normal purchase price Total Checkouts Full call number Date last seen Copy number Koha item type
  Dewey Decimal Classification   Added to bundle Non-fiction Central Library, University of Rajshahi Central Library, University of Rajshahi Reading Room 07/06/1955 Allies 11.13   972.9 NEE 1933 25/03/2014 C-1 Books